Test bank to accompany Bartol/Martin Management

Αποθηκεύτηκε σε:
Λεπτομέρειες βιβλιογραφικής εγγραφής
Κύριος συγγραφέας: Pritchett, Thomas K.
Άλλοι συγγραφείς: Pritchett, Betty M.
Μορφή: Βιβλίο
Γλώσσα:English
Δημοσίευση: New York : McGraw-Hill, 1994
Έκδοση:2nd ed.
Θέματα:
Ετικέτες: Προσθήκη ετικέτας
Δεν υπάρχουν, Καταχωρήστε ετικέτα πρώτοι!

MARC

LEADER 00000nam a2200000 i 4500
001 1/59640
008 980601s1994 eng d
020 |a 0070050821 
035 |l 10028575 
040 |a GR-MY-UA  |b gre  |e aacr 
041 0 |a eng 
082 0 |a 658 
100 1 |a Pritchett, Thomas K. 
245 1 0 |a Test bank to accompany Bartol/Martin Management /  |c Thimas K. Pritchett, Betty M. Pritchett 
250 |a 2nd ed. 
260 |a New York :   |b McGraw-Hill,   |c 1994 
300 |a 305 σ. 
504 |a Περιλαμβάνει ευρετήριο 
650 0 0 |a Management. 
650 0 0 |a Management  |x Examinations. 
700 1 |a Pritchett, Betty M. 
852 |a INST  |b CHIOS  |e 19980601  |h 658 PRI  |p 005200016391  |q 005200016391  |t BK  |y 0 
901 |a BIBL-1998-2 
909 |a Χ  |b 056118 
922 |a 2ΕΛΗ  |b 199804  |c ΤΔΕ  |d ΠΑΠΑΣΩΤΗΡΙΟΥ